Top 100 Najbardziej nadanych imion żeńskie w 2024 - Statystyki

Ogólne statystyki
  • Ten quiz został rozwiązany 112 razy
  • Średni wynik to 51 z 100
Statystyki odpowiedzi
Miejsce Liczba nadań Imię % Poprawnych
31 1,310 Anna
94%
6 3,482 Julia
89%
26 1,522 Aleksandra
85%
58 468 Magdalena
85%
10 2,698 Maria
85%
3 4,144 Zuzanna
85%
21 2,226 Wiktoria
84%
2 4,470 Zofia
83%
84 253 Katarzyna
82%
42 821 Weronika
82%
99 147 Patrycja
80%
67 354 Ewa
78%
7 3,420 Oliwia
78%
35 1,110 Natalia
77%
51 578 Karolina
76%
1 4,640 Maja
76%
79 284 Paulina
76%
5 3,916 Hanna
75%
46 761 Barbara
74%
16 2,366 Lena
74%
81 273 Marta
74%
13 2,550 Amelia
73%
9 3,131 Alicja
72%
72 307 Joanna
69%
12 2,563 Emilia
68%
76 289 Małgorzata
67%
45 771 Nikola
67%
53 539 Agata
66%
74 297 Dominika
65%
62 422 Kinga
64%
22 1,898 Łucja
64%
73 302 Urszula
64%
83 261 Daria
61%
17 2,349 Iga
61%
90 201 Kamila
61%
89 201 Klaudia
61%
56 514 Martyna
61%
94 167 Olga
60%
23 1,825 Gabriela
59%
8 3,166 Pola
58%
29 1,343 Jagoda
57%
15 2,375 Michalina
57%
40 947 Milena
57%
41 873 Sara
57%
11 2,666 Antonina
56%
95 162 Dorota
56%
20 2,226 Helena
55%
65 384 Izabela
55%
24 1,771 Kornelia
55%
33 1,186 Róża
55%
4 4,036 Laura
53%
57 478 Marianna
53%
85 249 Jadwiga
51%
39 987 Anastazja
49%
80 279 Lilia
48%
18 2,330 Marcelina
48%
91 198 Celina
47%
43 795 Nina
47%
32 1,238 Nadia
44%
49 609 Adrianna
43%
50 579 Eliza
43%
100 143 Janina
43%
52 544 Wanda
43%
30 1,323 Lilianna
42%
36 1,094 Kaja
41%
19 2,323 Klara
40%
27 1,487 Rozalia
40%
66 381 Lidia
39%
44 792 Matylda
38%
38 1,015 Aniela
36%
92 189 Ada
34%
14 2,417 Liliana
34%
82 264 Ida
33%
68 332 Stefania
33%
37 1,024 Aurelia
32%
28 1,351 Blanka
32%
69 329 Malwina
31%
70 328 Felicja
30%
25 1,648 Nela
30%
97 152 Alina
28%
48 734 Liwia
28%
61 443 Apolonia
27%
64 385 Diana
27%
34 1,181 Mia
27%
71 328 Kalina
24%
54 533 Zoja
24%
63 391 Bianka
23%
75 291 Luiza
23%
59 456 Melania
22%
55 523 Gaja
20%
96 161 Adela
19%
93 180 Lila
19%
77 289 Emma
18%
60 444 Sofia
17%
47 751 Jaśmina
15%
87 215 Elena
14%
78 286 Jagna
14%
86 246 Milana
9%
88 205 Adelina
5%
98 149 Aurora
5%
Nie znaleziono quizów pasujących do podanych kryteriów
Rozkład punktacji
Procent ludzi z każdym wynikiem
Percentyl według liczby udzielonych odpowiedzi
Twoja historia wyników
Nie rozwiązałeś tego quizu